Mhola ya chelu yamwa Guku na mupizya wis (Record no. 43677)
[ view plain ]
| 000 -LEADER | |
|---|---|
| fixed length control field | 00453nam a22001571a 4500 |
| 020 ## - INTERNATIONAL STANDARD BOOK NUMBER | |
| International Standard Book Number | 0564028339 |
| Terms of availability | 0.00 |
| 040 ## - CATALOGING SOURCE | |
| Original cataloging agency | NEGST Library - Kenya |
| 050 ## - LIBRARY OF CONGRESS CALL NUMBER | |
| Classification number | BS 325.N93 |
| 245 ## - TITLE STATEMENT | |
| Title | Mhola ya chelu yamwa Guku na mupizya wis |
| Medium | [Text] |
| 260 ## - PUBLICATION, DISTRIBUTION, ETC. (IMPRINT) | |
| Name of publisher, distributor, etc | The Bible Society of Tan |
| 300 ## - PHYSICAL DESCRIPTION | |
| Extent | 520 p.; |
| 500 ## - GENERAL NOTE | |
| General note | [Africana] |
| 600 ## - SUBJECT ADDED ENTRY--PERSONAL NAME | |
| Personal name | Bible. N. T. Nyamwezi - Texts |
| 852 ## - LOCATION/CALL NUMBER | |
| -- | 32.00 |
| Withdrawn status | Lost status | Source of classification or shelving scheme | Damaged status | Not for loan | Collection code | Home library | Current library | Shelving location | Date acquired | Source of acquisition | Cost, normal purchase price | Full call number | Barcode | Date last seen | Copy number | Price effective from | Koha item type |
|---|---|---|---|---|---|---|---|---|---|---|---|---|---|---|---|---|---|
| Library of Congress Classification | Special Collection | AIU/NEGST - Tony Wilmot Memorial Library | AIU/NEGST - Tony Wilmot Memorial Library | Special Collection | 02/18/2010 | Donation- SIL | 32.00 | S BS 325.N93 | R36835M3232 | 09/26/2019 | 1 | 02/18/2010 | Africana Collection (Special) |
